El teniente Bernardo Quesnay

Salvato in:
Dettagli Bibliografici
Autore principale: Maurois, André
Natura: Libro
Lingua:Undetermined
Pubblicazione: Santiago, Chile Osiris 1936
Soggetti:
Tags: Aggiungi Tag
Nessun Tag, puoi essere il primo ad aggiungerne!!

MARC

LEADER 00000nam a2200000Ia 4500
008 170316s9999 xx 000 0 und d
040 |a cru BVZT 
090 |a 840 M-16t 
100 |a Maurois, André 
245 |a El teniente Bernardo Quesnay 
260 |a Santiago, Chile 
260 |b Osiris 
260 |c 1936 
300 |a 114 páginas 
650 |a LITERATURA FRANCESA 
999 |c 7804  |d 7804 
942 |c 15 D  |h 840 M-16t  |2 z